| 000 | 00906cad a22002055a 4500 | ||
|---|---|---|---|
| 001 | L154422 | ||
| 008 | 11113 s20111129xxk f 000 0 eng d | ||
| 035 | _a(Sirsi) u154422 | ||
| 041 | 0 | _aeng | |
| 110 | 2 |
_aNationwide Building Society _91019 |
|
| 245 | 0 | 0 |
_aNationwide house price index _bNovember 2011 _h[electronic resource] |
| 260 | _c2011 | ||
| 490 | 0 |
_aNationwide House Price Index _vNovember 2011 |
|
| 520 | _aUnited Kingdom house prices increased by 0.4% in November 2011 and increased by 1.6% year on year. Property market continues to show resilience despite tight economic conditions. Consumer confidence is at an all time low. | ||
| 590 | _aKA | ||
| 651 | 4 |
_aUnited Kingdom _y |
|
| 690 | _aPROPERTY-RESIDENTIAL PROPERTY-RESIDENTIAL PROPERTY MARKET | ||
| 856 | 4 | 0 |
_uhttps://www.nationwide.co.uk/hpi/historical/Nov_2011.pdf _zView this item free of charge at www.nationwide.co.uk |
| 942 | _n0 | ||
| 999 |
_c112983 _d112983 |
||